Poesías, cuentos y artículos: Edición ordenada, con un estudio, por Armando Donoso

Uloženo v:
Podrobná bibliografie
Hlavní autor: Pezoa Véliz, Carlos 1879-1908 (Autor)
Médium: Kniha
Jazyk:španělština
Vydáno: Santiago Nascimento 1927
Vydání:3a. ed
Témata:
Tagy: Přidat tag
Žádné tagy, Buďte první, kdo vytvoří štítek k tomuto záznamu!

MARC

LEADER 00000nam a2200000 a 4500
001 UCJ5430
003 CL-VaPUC
008 070124e19270000CL |||||||||||||||||spa|d
082 0 4 |a Ch861  |b PEZ  |2 21 
100 |a Pezoa Véliz, Carlos   |d 1879-1908  |e author  |9 322063 
245 1 0 |a Poesías, cuentos y artículos: Edición ordenada, con un estudio, por Armando Donoso 
250 |a 3a. ed 
300 |a 328 p 
942 |c BK 
945 |d 20070124 00:00:00  |a rinostro 
260 |a Santiago  |b Nascimento  |c 1927 
500 |a Cubierta anterior, fotografía del autor 
600 0 7 |a DONOSO, ARMANDO  |2 CL-VaPUC  |9 348932 
650 0 |a Poesía chilena   |9 268403 
650 0 |a Cuento chileno  |9 352824 
650 0 |a Ensayo  |9 368802 
650 7 |a BIOGRAFIA  |2 CL-VaPUC  |9 504622 
650 0 |a Crítica literaria   |9 269189 
650 0 |a Cultura  |9 269059 
650 7 |a TIPOS HUMANOS  |2 CL-VaPUC  |9 504574 
650 0 |a Historia local  |9 266584 
650 7 |a SALITRERAS  |2 CL-VaPUC  |9 375452 
650 0 |a Iconografía   |9 267998 
651 0 |a Viña del Mar  |9 327030 
651 0 |a Calama  |9 447366 
651 7 |a CHUQUICAMATA  |2 CL-VaPUC  |9 444767 
651 7 |a CARACOLES  |2 CL-VaPUC  |9 504696 
651 0 |a Valparaíso, Chile  |9 261144 
583 |a last modification  |c 20070124 00:00:00  |k Rodrigo Vera 
999 |c 321539  |d 321537 
952 |0 0  |1 0  |4 0  |6 CH_861_000000000000000_PEZ_1927  |7 0  |8 X  |9 400309  |a FDOBUD  |b FDOBUD  |d 2019-11-22  |i 1034669  |o Ch861 PEZ 1927  |p 1034669  |r 2019-11-22  |w 2019-11-22  |y BK_X  |k BUD